|
|
|
|
| LEADER |
03690nam a2200589 4500 |
| 001 |
978-3-540-45410-6 |
| 003 |
DE-He213 |
| 005 |
20191025091924.0 |
| 007 |
cr nn 008mamaa |
| 008 |
121227s2001 gw | s |||| 0|eng d |
| 020 |
|
|
|a 9783540454106
|9 978-3-540-45410-6
|
| 024 |
7 |
|
|a 10.1007/3-540-45410-1
|2 doi
|
| 040 |
|
|
|d GrThAP
|
| 050 |
|
4 |
|a Q334-342
|
| 072 |
|
7 |
|a UYQ
|2 bicssc
|
| 072 |
|
7 |
|a COM004000
|2 bisacsh
|
| 072 |
|
7 |
|a UYQ
|2 thema
|
| 082 |
0 |
4 |
|a 006.3
|2 23
|
| 245 |
1 |
0 |
|a Automated Deduction in Geometry
|h [electronic resource] :
|b Third International Workshop, ADG 2000, Zurich, Switzerland, September 25-27, 2000, Revised Papers /
|c edited by Jürgen Richter-Gebert, Dongming Wang.
|
| 250 |
|
|
|a 1st ed. 2001.
|
| 264 |
|
1 |
|a Berlin, Heidelberg :
|b Springer Berlin Heidelberg :
|b Imprint: Springer,
|c 2001.
|
| 300 |
|
|
|a VIII, 328 p.
|b online resource.
|
| 336 |
|
|
|a text
|b txt
|2 rdacontent
|
| 337 |
|
|
|a computer
|b c
|2 rdamedia
|
| 338 |
|
|
|a online resource
|b cr
|2 rdacarrier
|
| 347 |
|
|
|a text file
|b PDF
|2 rda
|
| 490 |
1 |
|
|a Lecture Notes in Artificial Intelligence ;
|v 2061
|
| 505 |
0 |
|
|a On Spatial Constraint Solving Approaches -- A Hybrid Method for Solving Geometric Constraint Problems -- Solving the Birkhoff Interpolation Problem via the Critical Point Method: An Experimental Study -- A Practical Program of Automated Proving for a Class of Geometric Inequalities -- Randomized Xero Testing of Radical Expressions and Elementary Geometry Theorem Proving -- Algebraic and Semialgebraic Proofs: Methods and Paradoxes -- Remarks on Geometric Theorem Proving -- The Kinds of Truth of Geometry Theorems -- A Complex Change of Variables for Geometrical Reasoning -- Reasoning about Surfaces Using Differential Zero and Ideal Decomposition -- Effective Methods in Computational Synthetic Geometry -- Decision Complexity in Dynamic Geometry -- Automated Theorem Proving in Incidence Geometry - A Bracket Algebra Based Elimination Method -- Qubit Logic, Algebra and Geometry -- Nonstandard Geometric Proofs -- Emphasizing Human Techniques in Automated Geometry Theorem Proving: A Practical Realization -- Higher-Order Intuitionistic Formalization and Proofs in Hilbert's Elementary Geometry.
|
| 650 |
|
0 |
|a Artificial intelligence.
|
| 650 |
|
0 |
|a Geometry.
|
| 650 |
|
0 |
|a Application software.
|
| 650 |
|
0 |
|a Computer graphics.
|
| 650 |
|
0 |
|a Mathematical logic.
|
| 650 |
|
0 |
|a Pattern recognition.
|
| 650 |
1 |
4 |
|a Artificial Intelligence.
|0 http://scigraph.springernature.com/things/product-market-codes/I21000
|
| 650 |
2 |
4 |
|a Geometry.
|0 http://scigraph.springernature.com/things/product-market-codes/M21006
|
| 650 |
2 |
4 |
|a Computer Applications.
|0 http://scigraph.springernature.com/things/product-market-codes/I23001
|
| 650 |
2 |
4 |
|a Computer Graphics.
|0 http://scigraph.springernature.com/things/product-market-codes/I22013
|
| 650 |
2 |
4 |
|a Mathematical Logic and Formal Languages.
|0 http://scigraph.springernature.com/things/product-market-codes/I16048
|
| 650 |
2 |
4 |
|a Pattern Recognition.
|0 http://scigraph.springernature.com/things/product-market-codes/I2203X
|
| 700 |
1 |
|
|a Richter-Gebert, Jürgen.
|e editor.
|4 edt
|4 http://id.loc.gov/vocabulary/relators/edt
|
| 700 |
1 |
|
|a Wang, Dongming.
|e editor.
|4 edt
|4 http://id.loc.gov/vocabulary/relators/edt
|
| 710 |
2 |
|
|a SpringerLink (Online service)
|
| 773 |
0 |
|
|t Springer eBooks
|
| 776 |
0 |
8 |
|i Printed edition:
|z 9783662192153
|
| 776 |
0 |
8 |
|i Printed edition:
|z 9783540425984
|
| 830 |
|
0 |
|a Lecture Notes in Artificial Intelligence ;
|v 2061
|
| 856 |
4 |
0 |
|u https://doi.org/10.1007/3-540-45410-1
|z Full Text via HEAL-Link
|
| 912 |
|
|
|a ZDB-2-SCS
|
| 912 |
|
|
|a ZDB-2-LNC
|
| 912 |
|
|
|a ZDB-2-BAE
|
| 950 |
|
|
|a Computer Science (Springer-11645)
|